| 000 | 00571 a2200169 4500 | ||
|---|---|---|---|
| 020 | _a0521539277 | ||
| 020 | _a9780521539272 | ||
| 082 | 0 | 4 | _a530.15636 |
| 090 |
_c274 _d274 |
||
| 100 | 1 | _aFrankel, Theodore. | |
| 245 | 1 | 4 |
_aThe geometry of physics : _ban introduction / _cTheodore Frankel. |
| 250 | _a2nd ed. | ||
| 260 |
_a[S.l.] : _bCambridge University Press, _c2003. |
||
| 300 |
_a722 p. ; _c26 cm. |
||
| 942 |
_aSNS _cBK _k530.15636 FRA |
||
| 999 |
_c28909 _d28909 |
||